<?xml version="1.0" encoding="UTF-8"?><?xml-stylesheet type="text/xsl" href="static/style.xsl"?><OAI-PMH xmlns="http://www.openarchives.org/OAI/2.0/" xmlns:xsi="http://www.w3.org/2001/XMLSchema-instance" xsi:schemaLocation="http://www.openarchives.org/OAI/2.0/ http://www.openarchives.org/OAI/2.0/OAI-PMH.xsd"><responseDate>2026-06-01T04:52:58Z</responseDate><request verb="GetRecord" identifier="oai:riuma.uma.es:10630/27866" metadataPrefix="marc">https://riuma.uma.es/rest/oai/request</request><GetRecord><record><header><identifier>oai:riuma.uma.es:10630/27866</identifier><datestamp>2026-02-03T11:56:48Z</datestamp><setSpec>com_10630_2254</setSpec><setSpec>col_10630_37959</setSpec></header><metadata><record xmlns="http://www.loc.gov/MARC21/slim" xmlns:dcterms="http://purl.org/dc/terms/" xmlns:doc="http://www.lyncode.com/xoai" xmlns:xsi="http://www.w3.org/2001/XMLSchema-instance" xsi:schemaLocation="http://www.loc.gov/MARC21/slim http://www.loc.gov/standards/marcxml/schema/MARC21slim.xsd">
   <leader>00925njm 22002777a 4500</leader>
   <datafield ind2=" " ind1=" " tag="042">
      <subfield code="a">dc</subfield>
   </datafield>
   <datafield ind2=" " ind1=" " tag="720">
      <subfield code="a">Cabeza-Díaz, Aurelio</subfield>
      <subfield code="e">author</subfield>
   </datafield>
   <datafield ind2=" " ind1=" " tag="720">
      <subfield code="a">Vílchez-Cózar, Álvaro</subfield>
      <subfield code="e">author</subfield>
   </datafield>
   <datafield ind2=" " ind1=" " tag="720">
      <subfield code="a">Pérez-Colodrero, Rosario Mercedes</subfield>
      <subfield code="e">author</subfield>
   </datafield>
   <datafield ind2=" " ind1=" " tag="720">
      <subfield code="a">Bazaga-García, Montse</subfield>
      <subfield code="e">author</subfield>
   </datafield>
   <datafield ind2=" " ind1=" " tag="720">
      <subfield code="a">Cañamero-Cebrián, Fernando</subfield>
      <subfield code="e">author</subfield>
   </datafield>
   <datafield ind2=" " ind1=" " tag="720">
      <subfield code="a">Olivera-Pastor, Pascual</subfield>
      <subfield code="e">author</subfield>
   </datafield>
   <datafield ind2=" " ind1=" " tag="260">
      <subfield code="c">2023</subfield>
   </datafield>
   <datafield ind2=" " ind1=" " tag="520">
      <subfield code="a">As a class of coordination polymers (CPs), metal phosphonates (MPs) are constructed by coordination bonds connecting metal sites and phosphonate (RPO32−) ligands, where the metal sites are dispersed uniformly at the atomic level. This feature facilitates the construction of OER/HER transition metal phosphide (TMP) pre-catalysts, making them very attractive precursors of Non-Precious Metal Electrocatalysts (NPMCs) [1, 2] &#xd;
In this work, we report the synthesis and crystal structures of several transition-metal phosphonates derived from the phosphonopropionic acid (PPA), [FexM1-x(HO3PCH2CH2COO)2(H2O)2; M=Co2+ or Ni2+; x= 0, 0.2]. These solids have been prepared for the first time by spray-drying synthesis directly on carbon paper (CP) (Scheme 1). Pyrolysis of spray-dried materials in 5%-H2/Ar led to TMP-based energy-conversion electrocatalysts. As compared with other conventional procedures, this synthetic methodology allowed to improve the water-splitting activity.</subfield>
   </datafield>
   <datafield ind1="8" ind2=" " tag="024">
      <subfield code="a">https://hdl.handle.net/10630/27866</subfield>
   </datafield>
   <datafield tag="653" ind2=" " ind1=" ">
      <subfield code="a">Catálisis</subfield>
   </datafield>
   <datafield tag="653" ind2=" " ind1=" ">
      <subfield code="a">Electrólisis</subfield>
   </datafield>
   <datafield ind2="0" ind1="0" tag="245">
      <subfield code="a">Electrocatalytic properties of spray-drying-synthesized cobalt or nickel phosphonate-derived materials.</subfield>
   </datafield>
</record>
</metadata></record></GetRecord></OAI-PMH>